Lehigh University - Statistics

General Stats
  • This quiz has been taken 11 times
  • The average score is 14 of 22
Answer Stats
Hint Answer % Correct
Who is Lehigh's biggest rival? Lafayette
100%
What are the four most common majors at Lehigh? Accounting
90%
Give a name for one of Lehigh's therapy dogs Grace | Scout
90%
Where is everyone that goes to Lehigh from? New Jersey
90%
What sports league is Lehigh in? Patriot League
90%
What is Lehigh's historically most successful sport? Wrestling
90%
Computer Science
80%
What is the name of Lehigh's Mexican restaurant? El Jefe’s Taqueria
80%
When was Lehigh founded? 1865
70%
What is a Lehigh alumnus comically known for inventing? Escalator
70%
Finance
70%
Mechanical Engineering
70%
Which Lehigh building starts with the letter N? Neville Hall
60%
What is Lehigh's newest fraternity? Pi Lambda Phi
60%
Who is the famous sandwich making man at the Goose? Tony
60%
What is the name of Lehigh's music building? Zoellner Arts Center
60%
What was the first building at Lehigh? Christmas-Saucon Hall
40%
What year was Chandler-Ullmann built? 1883 | 1938
30%
To the nearest 50, how many stairs are on Lehigh's campus? 2600
30%
What were Lehigh alumni Mcclintic and Marshall most known for? Golden Gate Bridge
30%
Westchester
30%
Who is commonly known as the best person to ever attend Lehigh? Michael Parker
10%
No matching quizzes found
Score Distribution
Percent of People with Each Score
Percentile by Number Answered
Your Score History
You have not taken this quiz